Biggest Cities in Texas by Decade on a Map - Statistics

General Stats
  • This quiz has been taken 259 times
  • The average score is 17 of 31
Answers on the Map
Answers color-coded by a green-red scale on the quiz's map according to % correct below.
 
Answer Stats
Years Current # Top # City % Correct
1850-Present 4 4 Austin
99%
1850-Present 1 1 Houston
99%
1880-Present 3 1 Dallas
98%
1850-Present 2 1 San Antonio
96%
1890-Present 6 4 El Paso
94%
1880-Present 5 4 Fort Worth
94%
1850, 1940-Present 8 7 Corpus Christi
87%
1850-1940 66 1 Galveston
82%
1950-1980 15 8 Amarillo
78%
1980-Present 7 7 Arlington
77%
1870-1950 23 6 Waco
76%
1960-1990, Present 10 8 Lubbock
75%
1860, 1890-1910, 2010 12 8 Laredo
72%
1860-1880 18 4 Brownsville
71%
2000-Present 9 9 Plano
62%
1910-1970 33 6 Beaumont
61%
1920 39 8 Wichita Falls
55%
1990-2000 13 10 Garland
50%
1850-1870 58 6 Victoria
39%
1850-1860 42 4 New Braunfels
38%
1930 65 10 Port Arthur
32%
1880 79 8 Sherman
24%
1850 101 10 Nacogdoches
20%
1890-1900 123 9 Denison
18%
1850 220 7 Fredericksburg
17%
1850, 1880 128 5 Marshall
14%
1870 83 9 Waxahachie
14%
1870 604 6 Jefferson
6%
1860 - 7 Harrisburg
3%
1870 190 10 Red Oak
3%
1860 - 9 Chapel Hill
1%
No matching quizzes found
Score Distribution
Percent of People with Each Score
Percentile by Number Answered
Your Score History
You have not taken this quiz